000 00966nam a2200217Ia 4500
001 11171
003 GE_BSU
008 181216s||||||||xx |||||||||||||| ||und||
040 _cGE_BSU
080 _a631.6(076.5)+631.672(076.5)
100 _aყუფარაძე,მ.მ. ჩხიკვიშვილი,ვ.ი.
245 _aმელიორაცია და სასოფლო-სამეურნეო წყალმომარაგება (პრაქტიკუმი)
245 _cრედ:ვ.ზუხბაია.
260 _aსოხუმი.
260 _bაფხაზსახგამომცემლობა.
260 _c1962.
300 _a187გვ;22სმ.
300 _eილ;დანართი.გვ:183.
653 _aმელიორაცია და სასოფლო-სამეურნეო წყალმომარაგება (პრაქტიკუმი)
942 _cBK
999 _c44405
_d44405